Directors of Julianne Moore Movies - Statistics

General Stats
  • This quiz has been taken 31 times
    30 since last reset
  • The average score is 26 of 79
Answer Stats
Year Movie Director % Correct
The Prize Winner of Defiance, Ohio 2005 Jane Anderson
91%
The Big Lebowski 1998 Joel Coen
91%
Magnolia 1999 Paul Thomas Anderson
91%
Boogie Nights 1997 Paul Thomas Anderson
91%
The Lost World: Jurassic Park 1997 Steven Spielberg
91%
Children of Men 2006 Alfonso Cuarón
86%
Hannibal 2001 Ridley Scott
77%
May December 2023 Todd Haynes
73%
Wonderstruck 2017 Todd Haynes
73%
I’m Not There 2007 Todd Haynes
73%
Far from Heaven 2002 Todd Haynes
73%
Safe 1995 Todd Haynes
73%
The Hunger Games: Mockingjay – Part 2 2015 Francis Lawrence
68%
The Hunger Games: Mockingjay – Part 1 2014 Francis Lawrence
68%
Psycho 1998 Gus Van Sant
64%
The Room Next Door 2024 Pedro Almodóvar
64%
The Hours 2002 Stephen Daldry
55%
The Fugitive 1993 Andrew Davis
50%
Maps to the Stars 2014 David Cronenberg
50%
Suburbicon 2017 George Clooney
50%
Kingsman: The Golden Circle 2017 Matthew Vaughn
50%
Evolution 2001 Ivan Reitman
45%
Don Jon 2013 Joseph Gordon-Levitt
45%
The Kids Are All Right 2010 Lisa Cholodenko
45%
Cookie’s Fortune 1999 Robert Altman
45%
Short Cuts 1993 Robert Altman
45%
Assassins 1995 Richard Donner
41%
A Single Man 2009 Tom Ford
41%
Non-Stop 2014 Jaume Collet-Serra
36%
Vanya on 42nd Street 1994 Louis Malle
32%
Not I 2000 Neil Jordan
32%
The End of the Affair 1999 Neil Jordan
32%
Nine Months 1995 Chris Columbus
27%
When You Finish Saving the World 2022 Jesse Eisenberg
27%
The Woman in the Window 2021 Joe Wright
27%
The Shipping News 2001 Lasse Hallström
27%
Maggie’s Plan 2015 Rebecca Miller
27%
The Private Lives of Pippa Lee 2009 Rebecca Miller
27%
Crazy, Stupid, Love 2011 Glenn Ficarra & John Requa
23%
The Glorias 2020 Julie Taymor
23%
Gloria Bell 2018 Sebastián Lelio
23%
Seventh Son 2014 Sergei Bodrov
23%
With/In: Volume 1 2021 Bart Freundlich
18%
After the Wedding 2019 Bart Freundlich
18%
Trust the Man 2005 Bart Freundlich
18%
The Myth of Fingerprints 1997 Bart Freundlich
18%
The Hand That Rocks the Cradle 1992 Curtis Hanson
18%
Surviving Picasso 1996 James Ivory
18%
Chloe 2009 Atom Egoyan
14%
Sharper 2023 Benjamin Caron
14%
Eagle Eye (Uncredited) 2008 D.J. Caruso
14%
The Forgotten 2004 Joseph Ruben
14%
Carrie 2013 Kimberly Peirce
14%
The Staggering Girl 2019 Luca Guadagnino
14%
An Ideal Husband 1999 Oliver Parker
14%
Roommates 1995 Peter Yates
14%
The Naked Brothers Band: The Movie (Cameo) 2005 Polly Draper
14%
Dear Evan Hansen 2021 Steven Chbosky
14%
Body of Evidence 1993 Uli Edel
14%
The Gun in Betty Lou's Handbag 1992 Allan Moyle
9%
The English Teacher 2013 Craig Zisk
9%
Spirit Untamed 2021 Elaine Bogan
9%
Blindness 2008 Fernando Meirelles
9%
Benny & Joon 1993 Jeremiah Chechik
9%
Freedomland 2006 Joe Roth
9%
Tales from the Darkside: The Movie 1990 John Harrison
9%
Next 2007 Lee Tamahori
9%
Shelter 2010 Måns Mårlind & Björn Stein
9%
Chicago Cab 1997 Mary Cybulski & John Tintori
9%
Bel Canto 2018 Paul Weitz
9%
Being Flynn 2012 Paul Weitz
9%
Laws of Attraction 2004 Peter Howitt
9%
Freeheld 2015 Peter Sollett
9%
Ladies Man 2000 Reginald Hudlin
9%
Still Alice 2014 Richard Glatzer & Wash Westmoreland
9%
A Map of the World 1999 Scott Elliott
9%
What Maisie Knew 2012 Scott McGehee & David Siegel
9%
Marie and Bruce 2004 Tom Cairns
9%
Savage Grace 2007 Tom Kalin
9%
No matching quizzes found
Score Distribution
Percent of People with Each Score
Percentile by Number Answered
Your Score History
You have not taken this quiz since the last reset